Normal view MARC view
  • Fred R David

Entry Personal Name

Number of records used in: 1

001 - CONTROL NUMBER

  • control field: 579

003 - CONTROL NUMBER IDENTIFIER

  • control field: OSt

005 - DATE AND TIME OF LATEST TRANSACTION

  • control field: 20160513141537.0

008 - FIXED-LENGTH DATA ELEMENTS

  • fixed length control field: 160513|| aca||aabn | a|a d

040 ## - CATALOGING SOURCE

  • Original cataloging agency: OSt
  • Transcribing agency: OSt

100 ## - HEADING--PERSONAL NAME

  • Personal name: Fred R David

670 ## - SOURCE DATA FOUND

  • Source citation: Work cat.: (OSt): Fred R David, Strategic Management Concept & Cares, 2003